| 000 | 00622nam a2200205 a 4500 | ||
|---|---|---|---|
| 005 | 20220915063531.0 | ||
| 008 | 991125c1978 new 000 0 eng u | ||
| 020 | _a047104167X | ||
| 035 | _aUPN01000016079 | ||
| 049 | _aCG | ||
| 050 | 4 |
_aQA278 _bG6.3 |
|
| 100 | 1 |
_aGoldstein, Matthew _d1941- |
|
| 245 | 1 | 0 |
_aDiscrete discriminant analysis / _cMatthew Goldstein, William R. Dillon |
| 260 |
_aNew York : _bJ. Wiley, _c1978. |
||
| 300 | _a186 p. | ||
| 440 | 0 | _aWiley series in probability and mathematical statistics | |
| 650 | 7 |
_aAnálisis matemático _2 _9513 |
|
| 700 | 1 |
_aDillon, William R., _ecoaut. |
|
| 905 | _aLibro | ||
| 999 |
_c16079 _d16079 |
||